Normal view
MARC view
- Motion picture producers and directors.
Entry Topical Term
001 - CONTROL NUMBER
- control field: 38946
003 - CONTROL NUMBER IDENTIFIER
- control field: OSt
005 - DATE AND TIME OF LATEST TRANSACTION
- control field: 20190724142224.0
008 - FIXED-LENGTH DATA ELEMENTS
- fixed length control field: 190724|| aca||aabn | a|a d
040 ## - CATALOGING SOURCE
- Original cataloging agency: OSt
- Transcribing agency: OSt
150 ## - HEADING--TOPICAL TERM
- Topical term or geographic name entry element: Motion picture producers and directors.
670 ## - SOURCE DATA FOUND
- Source citation: Work cat.: (OSt): del Toro, Guillermo. 38945, Alejandro Gonzalez IƱarritu:, c2016.
